Sports Quiz

Random Sports or Logo Quiz

Just the Red: Sports Logos II Quiz Stats

 Plays Quiz Updated Jul 3, 2017

Challenge
Share
Tweet
Score 0/20 Timer 06:00
4 Plays Today
% Correct
New York Yankees
96.1%
Los Angeles Angels
92.9%
San Francisco 49ers
89.6%
Cincinnati Reds
89.5%
St. Louis Cardinals
88.3%
Kansas City Chiefs
87%
Washington Nationals
86.5%
Atlanta Braves
84.9%
New Jersey Devils
83.6%
Calgary Flames
82.3%
% Correct
Los Angeles Clippers
81.9%
Arizona Coyotes
78.3%
Philadelphia Phillies
73.3%
Washington Capitals
64.7%
New Orleans Pelicans
62%
Washington Wizards
60.8%
Cleveland Cavaliers
56.6%
Columbus Blue Jackets
56.6%
Detroit Pistons
53.7%
Minnesota Twins
49%

You're not logged in!

Compare scores with friends on all Sporcle quizzes.
Join for Free
OR
Log In

You Might Also Like...

Show Comments

Extras

Top Quizzes Today


Score Distribution

Your Account Isn't Verified!

In order to create a playlist on Sporcle, you need to verify the email address you used during registration. Go to your Sporcle Settings to finish the process.

Report this User

Report this user for behavior that violates our Community Guidelines.

Details: